[Event "III Copa Marcel Duchamp 2019"]
[Site "Montevideo"]
[Date "2019.02.11"]
[Round "4.1"]
[White "Bitelmajer, Martin"]
[Black "Mareco, Sandro"]
[Result "0-1"]
[WhiteElo "2453"]
[BlackElo "2664"]
[Annotator "TA"]
[PlyCount "78"]
[EventDate "2019.02.09"]
[EventType "swiss"]
[EventCountry "URU"]
[SourceTitle "playchess.com"]
[Source "ChessBase"]
[SourceQuality "1"]

{[%evp 18,78,22,27,18,7,10,0,0,-25,-18,-22,-18,-33,0,-36,-13,-38,0,-16,-21,-80,-77,-102,-100,-194,-198,-237,-225,-309,-312,-470,-431,-469,-482,-465,-458,-471,-457,-487,-436,-552,-537,-743,-745,-716,-646,-608,-609,-695,-119,-1009,-410,-377,0,-1015,-1017,-1014,-825,-1004,-919,-1204,-1211]} 1. d4 Nf6 2. c4 e6 3. g3 c5 4. d5 exd5 5. cxd5 d6 6. Nc3 g6 7. Bg2 Bg7 8. Nf3 O-O 9. O-O Re8 10. Bf4 Bf5 {A62: Modern Benoni: Fianchetto Variation without early ...Nbd7} 11. Nh4 (11. Bg5 h6 12. Bxf6 Bxf6 13. Nd2 Bc8 14. Nc4 Bxc3 15. bxc3 b5 16. Nd2 Nd7 17. Re1 a5 18. Qc2 {½-½ (29) Tomashevsky,E (2702)-Svidler,P (2763) Palma de Mallorca 2017}) 11... Bg4 12. h3 Nh5 {The position is equal.} 13. Bd2 Bd7 {[#]} 14. Qc1 $146 ({Predecessor:} 14. Qb3 b5 15. Nxb5 Rxe2 16. Bc3 Bxb5 17. Qxb5 Re7 18. Rfe1 Bxc3 19. bxc3 Rxe1+ 20. Rxe1 {½-½ (28) Gleizerov,E (2513)-Sadzikowski,D (2567) Suwalki 2018}) 14... b5 15. a3 Na6 {[%cal Bb8a6,Ba6c5,Bc5a4][%mdl 32]} 16. Kh2 f5 17. Nf3 c4 18. Bh6 Bf6 19. Qc2 (19. a4 $11 {keeps the balance.}) 19... Nc5 $17 20. Rad1 {[#]} a5 $1 {White must now prevent ...b4.} 21. a4 (21. e3 $17) 21... b4 $19 {[%cal Bb5b4,Bb4b3][%mdl 32]} ({Don't do} 21... bxa4 22. Nd2 $15) ({Much less strong is} 21... Nxa4 22. Nxa4 bxa4 23. Nd4 $15) 22. Nb5 {[#]} Qb6 $1 23. g4 {[#]} Nxa4 $1 {[%mdl 512]} 24. Nbd4 (24. Qxa4 {was forced.} Bxb5 25. Qc2) 24... b3 25. Qc1 fxg4 26. hxg4 Bxg4 27. Be3 Qc7 28. Rd2 Rac8 29. Qa1 Nc5 30. Rc1 {[#]} Rxe3 $1 31. fxe3 Qe7 32. Rxc4 Qxe3 {...Qf4+ is the strong threat.} 33. Qc1 Bxd4 $2 (33... Re8 $19 {and Black stays clearly on top.} 34. Qe1 Qf4+ 35. Kh1 Ne4) 34. Nxd4 $2 {[%mdl 8192]} (34. Rdxd4 $17 Qxc1 35. Rxc1) 34... Qe5+ (34... Qg3+ $142 35. Kh1 Rf8) 35. Kg1 Qe3+ $2 (35... Nf4 36. e4 Bh3) 36. Kh2 $1 Qg3+ {Black is clearly winning.} 37. Kh1 Rf8 38. Nf3 Nf4 {[%csl Gf4][%cal Rg3g2]} 39. Qg1 Bxf3 {Accuracy: White = 24%, Black = 58%.} 0-1

[Event "III Copa Marcel Duchamp 2019"]
[Site "Montevideo"]
[Date "2019.02.11"]
[Round "4.2"]
[White "Roselli Mailhe, Bernardo"]
[Black "Hernandez Guerrero, Gilberto"]
[Result "0-1"]
[WhiteElo "2434"]
[BlackElo "2533"]
[Annotator "TA"]
[PlyCount "72"]
[EventDate "2019.02.09"]
[EventType "swiss"]
[EventCountry "URU"]
[SourceTitle "playchess.com"]
[Source "ChessBase"]
[SourceQuality "1"]

{[%evp 10,72,16,17,26,21,26,38,56,0,0,0,0,0,0,0,0,0,0,0,0,0,17,-32,8,0,0,0,0,8,7,0,0,0,31,0,0,0,12,-10,0,-51,-60,-60,-65,-100,-106,-117,-77,-179,-179,-297,-266,-257,-242,-229,-237,-705,-631,-613,-617,-603,-561,-6211,-6195]} 1. d4 Nf6 2. c4 e6 3. Nf3 Bb4+ 4. Nbd2 O-O 5. a3 Be7 6. e4 d6 {E11: Bogo-Indian} (6... d5 7. e5 Nfd7 8. Bd3 c5 9. h4 g6 10. O-O Nc6 11. Nb3 dxc4 12. Bxc4 cxd4 13. Re1 a5 14. Bh6 Re8 15. Rc1 Nb6 {1-0 (39) Ding,L (2804)-Saric,I (2689) Batumi 2018}) 7. Bd3 Nfd7 8. Nf1 $146 ({Predecessor:} 8. O-O e5 9. d5 a5 10. Nb1 Nc5 11. Bc2 f5 12. exf5 Bxf5 13. Be3 Nbd7 14. Nbd2 {0-1 (49) Mchedlishvili,M (2608)-Stupak,K (2573) St Petersburg 2018}) 8... e5 {White is slightly better.} 9. Ng3 (9. d5 $1 $14) 9... exd4 $1 $11 10. Nxd4 Bf6 11. Nc2 {[%cal Bd4c2,Bc2e3,Be3d5][%mdl 32]} Nc5 12. Ne3 Nc6 13. O-O a5 14. Rb1 a4 15. Nd5 Be6 16. Re1 Bd4 17. Bc2 Re8 18. Be3 Bxe3 19. Rxe3 Ne5 $36 {[%mdl 2048] Black is pushing.} 20. Rc3 Bxd5 21. cxd5 g6 22. f4 Ned7 23. Qf3 Qf6 24. Rf1 Ra5 25. e5 (25. Qd1 $11) 25... dxe5 $15 26. f5 {[#] fxg6 is the strong threat.} e4 $1 {[%mdl 512]} 27. Qf4 {Threatening fxg6.} (27. Bxe4 g5) 27... Qd4+ 28. Kh1 Qxd5 29. Qxc7 {[#]} (29. Re3 $17) 29... Rb5 $1 $19 30. Rd1 {[#]} (30. Qf4 {keeps fighting.}) 30... Nd3 $1 {[%cal Rd3f2] And now ...Nf2+ would win.} 31. Rf1 Rc5 32. Rxc5 N7xc5 33. Nxe4 $2 (33. h3) 33... Qxe4 {Black is clearly winning.} 34. fxg6 Qxg6 {Strongly threatening ...Re2.} 35. Bxd3 Nxd3 36. Qxb7 {[#]} Qf5 $1 {[%mdl 512] Precision: White = 30%, Black = 65%.} 0-1

[Event "III Copa Marcel Duchamp 2019"]
[Site "Montevideo"]
[Date "2019.02.11"]
[Round "4.3"]
[White "Rodriguez Vila, Andres"]
[Black "De Dovitiis, Alejo"]
[Result "1-0"]
[WhiteElo "2486"]
[BlackElo "2353"]
[Annotator "TA"]
[PlyCount "59"]
[EventDate "2019.02.09"]
[EventType "swiss"]
[EventCountry "URU"]
[SourceTitle "playchess.com"]
[Source "ChessBase"]
[SourceQuality "1"]

{[%evp 24,59,47,25,68,67,52,66,74,61,79,54,72,37,106,93,234,244,494,344,417,429,446,449,474,470,484,476,979,449,447,457,433,448,635,626,592,491]} 1. d4 Nf6 2. c4 d6 3. Nc3 g6 4. e4 Bg7 5. Nf3 O-O 6. Be2 e5 7. O-O exd4 8. Nxd4 Re8 9. f3 Nc6 10. Be3 Nh5 11. Nxc6 bxc6 12. Qd2 f5 13. exf5 gxf5 {E94: King's Indian: Classical: 6 Be2 e5 7 0-0: Various Black 7th moves} 14. Bg5 Qd7 15. Rae1 Qf7 {White is slightly better.} 16. Bd1 $146 {Rxe8+ is the strong threat.} ({Predecessor:} 16. f4 Bd7 17. Bf3 Rxe1 18. Rxe1 Re8 19. Rxe8+ Qxe8 20. Bh4 Nf6 21. Bf2 {0-1 (42) Pantovic,D (2153)-Banikas,H (2548) Kavala 2005}) 16... Be6 17. b3 f4 18. Bc2 c5 (18... Bf5 $14) 19. Bh4 $16 c6 (19... Bd4+ $16 20. Kh1 Be3) 20. Ne4 $1 $18 h6 $2 (20... Bd4+ 21. Bf2 Qe7 22. Bxd4 cxd4 23. Qxd4 Rad8) 21. Qxd6 Bd4+ 22. Bf2 Rad8 {White is clearly winning.} 23. Qxc6 Rc8 24. Qa6 {Threatens to win with Bxd4.} Qg7 {Strongly threatening ...Bh3.} 25. Kh1 Kh8 (25... Bxf2 $142 26. Nxf2 Bd7) 26. Nxc5 (26. Bxd4 $142 cxd4 27. Nd6) 26... Rxc5 27. Rxe6 ({Don't go for} 27. Bxd4 $2 {[#]} Ng3+ $1 {[%mdl 512]} 28. Kg1 Qxd4+ 29. Rf2 Nh1 $1 $19 {[%mdl 512]}) 27... Rxe6 28. Qxe6 {Qe8+ would kill now.} Ng3+ (28... Bxf2 $142 29. Qe8+ Qg8 30. Qxg8+ Kxg8 31. Rxf2 Re5) 29. Bxg3 fxg3 30. Rd1 {Accuracy: White = 59%, Black = 29%.} 1-0

[Event "III Copa Marcel Duchamp 2019"]
[Site "Montevideo"]
[Date "2019.02.11"]
[Round "4.4"]
[White "Diaz Hollemaert, Nahuel"]
[Black "Ricardi, Pablo"]
[Result "0-1"]
[WhiteElo "2426"]
[BlackElo "2479"]
[Annotator "TA"]
[PlyCount "74"]
[EventDate "2019.02.09"]
[EventType "swiss"]
[EventCountry "URU"]
[SourceTitle "playchess.com"]
[Source "ChessBase"]
[SourceQuality "1"]

{[%evp 14,73,0,0,0,0,0,0,0,-28,-30,-38,-13,-31,-22,-31,-28,-30,-27,-127,-115,-123,-126,-105,-103,-240,-208,-300,-269,-305,-276,-269,-269,-268,-268,-451,-418,-385,-444,-415,-388,-371,-379,-468,-468,-29992,-29993,-29993,-682,-705,-700,-29994,-29995,-29995,-29996,-29996,-29997,-29997,-29998,-29998,-29999,-29999]} 1. g3 d5 2. Bg2 Nf6 3. d3 c5 4. f4 Nc6 5. Nf3 g6 6. O-O {[%cal Bh1f1,Bf1f2,Bf2d2][%mdl 32]} Bg7 7. Qe1 O-O 8. e4 dxe4 {A03: Bird's Opening with 1...d5} 9. dxe4 {[#]} e5 $1 {[%mdl 512]} 10. Nc3 (10. Nxe5 Nxe5) 10... Nd4 {The position is equal.} 11. Rf2 exf4 12. Bxf4 Re8 $146 ({Predecessor:} 12... Qb6 13. Rb1 Be6 14. h3 Nh5 15. Ng5 Rad8 16. Nxe6 fxe6 {½-½ (53) Shabalov,A (2544)-Banusz,T (2641) chess.com INT 2018}) 13. Rd2 Qb6 $36 {[%mdl 2048] Black has good play.} 14. e5 Qxb2 15. Nxd4 cxd4 16. exf6 (16. Ne2 $11) 16... Rxe1+ $17 17. Rxe1 {[#]} Bg4 $1 ({Not} 17... Qxc3 18. Re8+ Bf8 19. Bh6 $16) ({Inferior is} 17... Bxf6 18. Nd5 $14) 18. Nd5 Bf8 19. c4 (19. c3 $17 Qa3 20. cxd4) 19... Qa3 $19 20. Ne7+ (20. h4 $142) 20... Bxe7 $1 21. Rxe7 {Threatens to win with Bd5.} Bf3 22. Bxf3 Qxf3 23. Rxd4 Qc3 24. Be5 $2 (24. Rd1) 24... Qe1+ 25. Kg2 Qe2+ 26. Kg1 {aiming for Bb8!} Qe3+ 27. Kg2 {Hoping for Bb8!} h6 28. Rdd7 Qe2+ 29. Kh3 (29. Kg1 $19 Qxc4 30. h4) 29... Qf1+ 30. Kh4 Qxc4+ (30... Qf5 $142 31. Rd8+ Rxd8 32. Re8+ Rxe8 33. g4 Qxe5 34. Kh3 Qc3+ 35. Kh4 Re3 36. g5 Qxc4#) 31. g4 Qxa2 {( -> ...Qf2+)} 32. Rxb7 Qf2+ {Black mates.} 33. Kh3 Qf3+ 34. Bg3 Qf1+ 35. Kh4 g5+ 36. Kh5 Qh3+ 37. Bh4 Qxh4# {Precision: White = 33%, Black = 82%.} 0-1

[Event "III Copa Marcel Duchamp 2019"]
[Site "Montevideo"]
[Date "2019.02.11"]
[Round "4.5"]
[White "Muniz, Rafael"]
[Black "Hoffman, Alejandro"]
[Result "0-1"]
[WhiteElo "2250"]
[BlackElo "2461"]
[Annotator "ChessBase"]
[PlyCount "114"]
[EventDate "2019.02.09"]
[EventType "swiss"]
[EventCountry "URU"]
[SourceTitle "playchess.com"]
[Source "ChessBase"]
[SourceQuality "1"]
[TimeControl "5400+30"]

1. e4 c5 2. Nf3 d6 3. d4 cxd4 4. Nxd4 Nf6 5. Nc3 g6 6. Be3 Bg7 7. f3 a6 8. Qd2 h5 9. O-O-O Nbd7 10. Kb1 b5 11. Bg5 Bb7 12. Nb3 Rc8 13. Bd3 Qc7 14. Rhe1 Nb6 15. f4 Nh7 16. Bh4 Bxc3 17. Qxc3 Qxc3 18. bxc3 Na4 19. Rd2 Nxc3+ 20. Ka1 Rc7 21. e5 d5 22. Nd4 e6 23. h3 Kd7 24. Rf2 Ne4 25. Rf3 Kc8 26. Re2 Kb8 27. Be1 Nf8 28. Bb4 Nd7 29. Re1 Ndc5 30. Rfe3 Rcc8 31. Nf3 Nxd3 32. cxd3 Ng3 33. Nd4 Nf5 34. Nxf5 gxf5 35. d4 Rhg8 36. R3e2 Rc4 37. Bc5 Kc7 38. Kb2 Kc6 39. Rf1 a5 40. a3 Ba6 41. Rf3 b4 42. Rd2 Rxc5 43. dxc5 Bc4 44. Re3 Kxc5 45. axb4+ Kxb4 46. g4 hxg4 47. Rg3 a4 48. Rdg2 d4 49. hxg4 fxg4 50. Rxg4 a3+ 51. Ka1 Rh8 52. Rg1 d3 53. Rg7 Rf8 54. Rb1+ Kc3 55. Rc1+ Kd4 56. Rg4 Bb3 57. f5+ Kxe5 0-1

[Event "III Copa Marcel Duchamp 2019"]
[Site "Montevideo"]
[Date "2019.02.11"]
[Round "4.6"]
[White "Felgaer, Ruben"]
[Black "Zapata Charles, Santiago"]
[Result "1-0"]
[WhiteElo "2562"]
[BlackElo "2300"]
[Annotator "TA"]
[PlyCount "87"]
[EventDate "2019.02.09"]
[EventType "swiss"]
[EventCountry "URU"]
[SourceTitle "playchess.com"]
[Source "ChessBase"]
[SourceQuality "1"]

{[%evp 27,87,6,82,1,68,53,61,10,10,13,60,47,54,53,79,82,77,78,82,28,81,78,91,56,55,57,68,67,87,82,84,89,84,87,78,75,202,193,164,174,256,255,725,722,743,749,715,321,687,677,689,679,642,624,5265,5197,5177,4460,2304,2139,1569,1499]} 1. c4 e5 2. Nc3 Nf6 3. g3 d5 4. cxd5 Nxd5 5. Bg2 Nb6 6. Nf3 {[%cal Bg1f3,Bf3d2,Bd2b3,Bb3c5][%mdl 32]} Nc6 7. O-O Be7 8. d3 O-O 9. a3 Re8 10. b4 {[%cal Bb2b4,Bb4b5][%mdl 32]} Bf8 11. Nd2 {A29: English Opening: Four Knights Variation with 4 g3} a5 12. b5 Nd4 13. e3 Nf5 14. Qc2 Nd6 {LiveBook: 4 Games} (14... a4 $1 $11) 15. Rb1 {[#]} (15. a4 $16) 15... Be6 $146 (15... a4 $11) ({Predecessor:} 15... Bf5 16. Nce4 Qc8 17. Rd1 Bg4 18. Re1 Bh3 {0-1 (37) Van Wely,L (2688)-Fressinet,L (2702) Bastia 2012}) 16. Nb3 Qc8 17. Re1 ({Better is} 17. a4 $14) 17... Bh3 $11 18. Bh1 Bg4 19. Nc5 Ra7 20. a4 Qf5 21. e4 Qh5 22. Be3 Raa8 23. Rec1 (23. Bg2 $16) 23... Red8 (23... f5 $11) 24. Bg2 $16 Nd7 25. Nxd7 Rxd7 26. Nd5 Ne8 $1 27. d4 Be6 28. dxe5 Bxd5 29. exd5 {Strongly threatening Qe4.} Qxe5 30. Re1 Qf6 31. Bd2 Qb6 (31... Qd8 $16) 32. d6 $1 $18 cxd6 {[#]} 33. Qf5 $1 {[%cal Rf5d7]} Qd8 {[#]} (33... Nf6 {was called for.}) 34. Bg5 $1 {[%cal Rg5d8]} Nf6 $2 (34... g6) 35. Bxf6 gxf6 36. Be4 {[%csl Ge4][%cal Rf5h7]} Bg7 37. Qxh7+ Kf8 38. Bf5 {Re4 is the strong threat.White is clearly winning.} Re7 39. h4 {[%cal Bh2h4,Bh4h5,Bh5h6,Bh6g7][%mdl 32]} Re5 40. h5 Qe7 {[#]} 41. h6 $1 {[%mdl 512]} Rxe1+ 42. Kg2 Qe5 43. hxg7+ Ke7 44. Rxe1 {Precision: White = 71%, Black = 42%.} 1-0

[Event "III Copa Marcel Duchamp 2019"]
[Site "Montevideo"]
[Date "2019.02.11"]
[Round "4.7"]
[White "Alonso, Salvador"]
[Black "Fiora, Emilio"]
[Result "0-1"]
[WhiteElo "2502"]
[BlackElo "2190"]
[Annotator "TA"]
[PlyCount "92"]
[EventDate "2019.02.09"]
[EventType "swiss"]
[EventCountry "URU"]
[SourceTitle "playchess.com"]
[Source "ChessBase"]
[SourceQuality "1"]

{[%evp 23,92,31,26,19,42,35,101,104,101,112,110,94,87,58,104,61,66,50,71,9,8,0,10,0,48,38,45,23,66,44,69,36,52,19,37,0,0,-8,0,-12,-5,-34,-38,-58,-28,-33,0,-4,-4,-26,-22,-219,-210,-185,-126,-123,-16,-21,0,-8,-8,-8,-8,-8,-11,-175,-161,-229,0,-29993,-1241]} 1. e4 c5 2. Nf3 Nc6 3. d4 cxd4 4. Nxd4 Qb6 5. Nb3 Nf6 6. Nc3 e6 7. Bd3 a6 8. Be3 Qc7 9. f4 d6 10. O-O Be7 11. Qf3 O-O 12. Rae1 b5 {LiveBook: 55 Games} 13. Qh3 {B33: Sicilian: Pelikan and Sveshnikov Variations} Qd8 $146 ({Predecessor:} 13... Re8 14. Bd2 g6 15. a3 Nd7 16. Nd1 Bf8 17. Bc3 a5 18. f5 Nde5 19. fxg6 hxg6 {0-1 (39) Nemeth,M (2454)-Mihok,O (2435) Hungary 2012}) 14. g4 {And now e5! would win.} e5 {[#]} (14... Nb4 $14) 15. f5 $1 $16 {White is better.} Nd7 16. Nd5 Bg5 17. Bxg5 Qxg5 18. Qg3 Kh8 19. h4 Qd8 20. g5 f6 21. g6 (21. Kh2 $16) 21... Ne7 $11 22. Nxe7 Qxe7 23. gxh7 Rd8 24. Rf2 Nf8 25. c4 Bd7 26. Rc1 Be8 27. Rfc2 Ra7 {[%cal Ba8a7,Ba7g7,Bg7g5,Bg5h5][%mdl 32]} 28. Bf1 g6 29. Bh3 (29. h5 $5 g5 30. cxb5 axb5 31. a3 $14) 29... Qxh7 30. cxb5 Rg7 31. Rg2 {Hoping for b6.} axb5 32. Kh2 g5 33. hxg5 Rxg5 34. Qf2 Rh5 35. Rg3 $132 {[%mdl 2048] White is not keeping still} Qb7 36. Qg2 $1 Bf7 $1 37. Rg1 $2 (37. Na5 $1 $11 {and White has nothing to worry.} Qb6 38. Nc6) 37... Nh7 $19 38. Nd2 Ng5 (38... Ra8 $19 39. a3 Rc8) 39. Nf3 $17 {[%cal Rf3g5]} Rg8 ({Black should try} 39... Qxe4 $17 40. Nxg5 Qxg2+ 41. R3xg2 fxg5 42. Rxg5 Rxg5 43. Rxg5 Bxa2) 40. Nxg5 $11 fxg5 41. Qd2 Qxe4 42. Rxg5 Rgxg5 43. Rxg5 Rh4 {Strongly threatening ...Bd5.} 44. Rg3 $2 {[#]} (44. Kg3 $11) 44... Bd5 $1 $19 {[%csl Gd5][%cal Re4h1]} ({But not} 44... Bxa2 $2 45. Qg5 $18) 45. Qc1 (45. Qd1 $142) 45... Bc6 $2 ({Resist} 45... Qxf5 46. Qd2 $19) (45... Bb7 $19 {Threatens to win with ...Qxf5.} 46. Rg6 Qe2+ 47. Kg3 Rh7) 46. Kg1 $2 {[%mdl 8192]} (46. f6 $11) 46... Qh1+ {Precision: White = 24%, Black = 41%.} 0-1

[Event "III Copa Marcel Duchamp 2019"]
[Site "Montevideo"]
[Date "2019.02.11"]
[Round "4.8"]
[White "Lagar, Valentin Alejo"]
[Black "Tristan, Leonardo"]
[Result "0-1"]
[WhiteElo "2196"]
[BlackElo "2493"]
[Annotator "TA"]
[PlyCount "72"]
[EventDate "2019.02.09"]
[EventType "swiss"]
[EventCountry "URU"]
[SourceTitle "playchess.com"]
[Source "ChessBase"]
[SourceQuality "1"]

{[%evp 30,72,0,0,6,0,27,19,218,52,57,60,75,59,78,78,202,191,180,-34,-19,-27,-29,-31,-8,-27,-12,-32,-11,0,-22,-27,0,0,0,-80,-80,-164,-149,-293,-323,-324,-329,-572,-572]} 1. e4 {[%cal Be2e4,Be4e5][%mdl 32]} Nf6 2. e5 Nd5 3. d4 d6 4. c4 Nb6 5. exd6 cxd6 6. Nc3 g6 7. Be3 Bg7 8. Rc1 O-O 9. b3 Bf5 10. Nf3 d5 11. c5 Nc8 12. Be2 Nc6 13. O-O Bg4 14. b4 a6 15. Rb1 e6 {B04: Alekhine's Defence: 4 Nf3} 16. a4 {LiveBook: 14 Games} Bxf3 17. Bxf3 Qh4 $146 {[%cal Rc6d4] The position is equal.} ({Predecessor:} 17... N8e7 18. b5 axb5 19. axb5 Na5 20. Be2 Nf5 21. Qd2 e5 22. Na4 exd4 23. Bg5 {1-0 (41) Hou,Y (2578)-Le,K (2291) Beijing 2008}) 18. Ne2 $1 b5 $2 (18... N8e7 $11 {and Black is okay.}) 19. Qd2 $2 (19. cxb6 $1 $18 {b7 is the strong threat.} Qe7 20. Rc1) 19... h6 $1 $14 20. axb5 axb5 21. Rfd1 N8e7 {[%cal Bc8e7,Be7c6,Bc6e5][%mdl 32]} 22. Nc3 f5 (22... Nf5 $16) 23. g3 $18 Qf6 {[#]} 24. Bxh6 $2 ({Don't take} 24. Nxb5 $6 g5 $14) (24. Be2 $1 $18) 24... Bxh6 $15 25. Qxh6 Nxd4 26. Qe3 Nec6 27. Ne2 {[%cal Re2d4]} Nc2 {[%cal Bd4c2,Bc2a3,Ba3c4][%mdl 32]} 28. Qd2 Na3 29. Rb3 Nc4 30. Qc3 N6e5 31. Bg2 {Black should prevent Nd4.} Ra2 32. Nc1 {[#]} (32. Nd4 $11 f4 33. c6) 32... Ra1 $1 $17 {[%mdl 512]} 33. Kf1 (33. Rf1 $17) (33. Qxa1 Nf3+) 33... Rfa8 $19 34. Qd4 (34. Kg1 $17) 34... Kg7 35. h4 Nc6 36. Qf4 $2 (36. Qxf6+ Kxf6 37. Kg1) 36... e5 {Precision: White = 34%, Black = 43%.} 0-1

[Event "III Copa Marcel Duchamp 2019"]
[Site "Montevideo"]
[Date "2019.02.11"]
[Round "4.9"]
[White "Barreto, Ignacio C. de Barro"]
[Black "Gemy, Jose Daniel"]
[Result "1/2-1/2"]
[WhiteElo "2212"]
[BlackElo "2391"]
[Annotator "TA"]
[PlyCount "70"]
[EventDate "2019.02.09"]
[EventType "swiss"]
[EventCountry "URU"]
[SourceTitle "playchess.com"]
[Source "ChessBase"]
[SourceQuality "1"]

{[%evp 18,70,26,8,16,15,27,0,0,-12,0,0,0,0,0,0,0,0,7,5,8,0,20,16,37,20,8,12,22,0,0,0,0,0,0,0,0,0,2,1,2,0,0,0,0,0,0,0,0,0,0,0,0,0,0]} 1. c4 Nf6 2. Nc3 e6 3. e4 d5 4. e5 d4 5. exf6 dxc3 6. fxg7 cxd2+ 7. Qxd2 Qxd2+ 8. Bxd2 Bxg7 9. O-O-O c5 10. g3 Bd7 {A18: English Opening: Flohr-Mikenas System (1 c4 Nf6 2 Nc3 e6 3 e4)} 11. Bg2 Bc6 12. Bxc6+ (12. Nf3 {is more complex.} Nd7 13. Rhe1 O-O-O 14. Bh1 Rhg8 15. Bf4) (12. Nf3 Nd7 13. Rhe1 O-O-O 14. Bh1 Bxf3 15. Bxf3 Ne5 16. Be2 Nd3+ 17. Bxd3 Rxd3 18. Be3 Rxd1+ 19. Rxd1 {½-½ (46) Biro,K (2156)-Bury,R (2099) Slovakia 2012}) 12... Nxc6 13. Ne2 $146 ({Predecessor:} 13. Be3 Nd4 14. Nh3 O-O 15. Ng5 h6 16. Ne4 b6 17. Rd3 Rfd8 18. Rhd1 {½-½ (60) Solger,B-Rothenhaussler,D Jedesheim 1991}) 13... O-O-O 14. Bg5 Rxd1+ 15. Rxd1 Ne5 16. b3 Ng4 17. Be3 Nxe3 18. fxe3 $11 {[%mdl 4096] Endgame KRB-KRN} Be5 19. Nf4 b6 20. Rf1 Bd6 21. Nh5 f5 {The position is equal.} 22. e4 Rf8 23. exf5 (23. Kd2 {keeps more tension.} Be5 24. h3 Kd7 25. g4 f4 26. Ke2) 23... Rxf5 24. Rxf5 exf5 {KB-KN} 25. Kd2 Be5 26. Ke3 Kd7 27. Nf4 Kc6 28. Nd5 Kd6 29. a4 Ke6 30. Kf3 Bb8 31. Nf4+ Ke5 {With the idea ...Kd4.} 32. Ke3 Kf6 33. Nd5+ Ke6 34. Nf4+ Kf6 35. Nd5+ Ke6 {Accuracy: White = 64%, Black = 63%.} 1/2-1/2

[Event "III Copa Marcel Duchamp 2019"]
[Site "Montevideo"]
[Date "2019.02.11"]
[Round "4.10"]
[White "Lujan, Carolina"]
[Black "Hurtado Bahamonde, Rodrigo"]
[Result "1-0"]
[WhiteElo "2357"]
[BlackElo "2172"]
[Annotator "TA"]
[PlyCount "49"]
[EventDate "2019.02.09"]
[EventType "swiss"]
[EventCountry "URU"]
[SourceTitle "playchess.com"]
[Source "ChessBase"]
[SourceQuality "1"]

{[%evp 12,49,11,6,25,-17,0,-6,0,13,14,-15,8,-44,7,0,60,71,55,74,55,52,254,259,277,273,387,377,455,441,791,785,740,658,851,579,857,850,809,796]} 1. e4 e5 2. Nf3 Nc6 3. Bc4 Bc5 4. d3 Nf6 5. O-O O-O 6. Bb3 d6 7. c3 Ne7 {C54: Giuoco Piano: 4 c3 Nf6, main lines with 5 d4 and 5 d3} (7... h6 8. Nbd2 a6 9. h3 Ba7 10. Re1 Nh5 11. Nf1 Qf6 12. Ne3 Nf4 13. Ng4 Bxg4 14. hxg4 Ne7 15. d4 Neg6 16. g3 Ne6 17. Be3 exd4 18. cxd4 c5 19. e5 dxe5 20. dxe5 Nxe5 21. Nxe5 Qxe5 22. Bxe6 fxe6 {½-½ (29) Anton Guijarro,D (2666)-Kovalev,V (2639) Riadh 2017}) 8. Be3 Bb6 9. Nbd2 c6 {The position is equal.} 10. d4 exd4 $146 ({Predecessor:} 10... Ng6 11. dxe5 Nxe5 12. Nxe5 dxe5 13. Bxb6 Qxb6 14. Nc4 Qc5 {½-½ (65) Murzin,V (2316)-Matinian,N (2514) Batumi 2018}) 11. cxd4 Ng6 12. h3 (12. Re1 $11) 12... h6 (12... d5 $15) 13. Bc2 d5 (13... Nh5 $11) 14. e5 $14 {aiming for Bxg6.} Nh5 15. Nb3 Ngf4 16. Kh2 f5 $2 (16... f6 $1 $14) 17. g3 $18 Nxh3 {[#] And now ...f4 would win.} 18. Ng1 $1 {[%mdl 64] Discovered Attack} Nxg1 (18... Nxf2 {might work better.} 19. Rxf2 Qe8) 19. Qxh5 f4 20. Bxf4 {White is clearly winning.} ({Don't do} 20. Kxg1 Qg5 $18) 20... Nh3 {[#]} (20... Rxf4 $142 21. gxf4 Nh3) 21. Bxh6 $1 {[%mdl 512]} Qd7 (21... gxh6 22. Qg6+) 22. Be3 {White wants to mate with Bh7+.} Qg4 23. Qh7+ Kf7 24. f3 Qe6 25. g4 {Accuracy: White = 60%, Black = 19%.} 1-0

[Event "III Copa Marcel Duchamp 2019"]
[Site "Montevideo"]
[Date "2019.02.11"]
[Round "4.11"]
[White "Lopez Azambuja, Nicolas"]
[Black "Curi, Gabriel"]
[Result "1/2-1/2"]
[WhiteElo "2320"]
[BlackElo "2159"]
[Annotator "TA"]
[PlyCount "69"]
[EventDate "2019.02.09"]
[EventType "swiss"]
[EventCountry "URU"]
[SourceTitle "playchess.com"]
[Source "ChessBase"]
[SourceQuality "1"]

{[%evp 17,69,34,54,-2,9,-2,-10,-25,-9,-13,-4,-18,0,0,13,14,21,9,10,18,10,9,11,6,1,0,0,0,0,0,4,0,0,0,0,0,0,-1,0,-3,-8,-6,0,0,8,8,8,0,0,0,0,0,0,-4]} 1. d4 Nf6 2. Nf3 d5 3. c4 e6 4. e3 c5 5. a3 a6 6. dxc5 {D30: Queen's Gambit Declined: Systems without Nc3} Bxc5 7. b4 Ba7 8. Bb2 O-O 9. Nbd2 Nc6 {LiveBook: 29 Games} 10. Nb3 $146 (10. Bd3 $14) ({Predecessor:} 10. Be2 Qe7 11. O-O Rd8 12. Qc2 Bd7 13. Rac1 Rac8 {½-½ (33) Swiercz,D (2639)-Illingworth,M (2458) Baku 2016}) 10... Qe7 $11 11. b5 dxc4 12. Bxc4 axb5 13. Bxb5 {The position is equal.} Rd8 14. Qe2 (14. Qc2 {is interesting.} Bd7 15. O-O Ne5 16. Be2 Nxf3+ 17. Bxf3 Rac8 18. Qb1) 14... Bb8 15. O-O e5 16. Rfd1 Rxd1+ 17. Qxd1 e4 18. Nfd2 Be5 19. Bxe5 Nxe5 20. Qc2 Bf5 21. Qc5 Qxc5 22. Nxc5 b6 23. Ncb3 Bd7 24. Bxd7 Nexd7 25. a4 Kf8 26. h3 h5 27. a5 bxa5 28. Rxa5 Rxa5 29. Nxa5 {[%mdl 4096] Endgame KNN-KNN} h4 30. Nab3 Ke7 31. f3 Ke6 32. Nd4+ Kd5 33. Nf5 g5 34. Kf2 Ne5 35. Nd4 {Precision: White = 58%, Black = 73%.} 1/2-1/2